[Event "Penang op-A 9th"]
[Site "Penang"]
[Date "2017.12.05"]
[Round "3"]
[White "Kimbin, Richard Conrod"]
[Black "Greenwood, Martin"]
[Result "1-0"]
[WhiteElo "1803"]
[BlackElo "1523"]
[PlyCount "47"]
[EventDate "2017.12.04"]
[EventType "swiss"]
[EventRounds "9"]
[EventCountry "MAS"]
[SourceTitle "CBM 182 Extra"]
[Source "ChessBase"]
[SourceDate "2018.02.23"]
[SourceVersion "1"]
[SourceVersionDate "2018.02.23"]
[SourceQuality "1"]

1. e4 e6 2. d4 d5 3. e5 c5 4. c3 Nc6 5. Nf3 Bd7 6. Be2 Qb6 7. 0-0 cxd4 8. cxd4 Nge7 9. Na3 Nf5 10. Nc2 0-0-0 11. a3 Kb8 12. b4 Rc8 13. Rb1 Qc7 14. Na1 f6 15. g3 Be8 16. Bb2 fxe5 17. dxe5 h6 18. Rc1 Qf7 19. b5 Na5 20. Rxc8+ Kxc8 21. Qa4 b6 22. Rc1+ Kb7 23. Nb3 Nxb3 24. Qa6+ 1-0

[Event "Bergamo op 11th"]
[Site "Bergamo"]
[Date "2012.12.13"]
[Round "2"]
[White "Curtacci, Sergio"]
[Black "Kimbin, Richard Conrod"]
[Result "1-0"]
[WhiteElo "2034"]
[BlackElo "1951"]
[PlyCount "117"]
[EventDate "2012.07.13"]
[EventType "swiss"]
[EventRounds "6"]
[EventCountry "ITA"]
[SourceTitle "EXT 2014"]
[Source "ChessBase"]
[SourceDate "2013.11.20"]
[SourceVersion "1"]
[SourceVersionDate "2013.11.20"]
[SourceQuality "1"]

1. d4 Nf6 2. Nf3 g6 3. Nbd2 d6 4. e4 Bg7 5. Bd3 Nc6 6. c3 e5 7. dxe5 Nxe5 8. Nxe5 dxe5 9. Nc4 Qe7 10. a4 0-0 11. 0-0 Ng4 12. h3 Nh6 13. f4 exf4 14. Bxf4 Be6 15. Qe2 Rad8 16. Be3 Bxc4 17. Bxc4 Qxe4 18. Bxa7 Qh4 19. Bf2 Qg5 20. Rad1 Nf5 21. Qg4 Qh6 22. Qf3 Be5 23. Rfe1 Bd6 24. Bd3 Nh4 25. Qg4 g5 26. Be3 f6 27. Be4 b6 28. Bc6 Ng6 29. Qe6+ Kh8 30. Bd4 Nf4 31. Qg4 Qg7 32. Re4 h5 33. Qf5 h4 34. Rf1 Nh5 35. Rxh4 gxh4 36. Qxh5+ Qh7 37. Qe2 Qg6 38. Qe6 Kg7 39. Be4 Qg5 40. Bc6 Bc5 41. Bxc5 Qxc5+ 42. Kh1 Rd6 43. Qg4+ Qg5 44. Qe4 Qe5 45. Qg4+ Qg5 46. Qe4 Qe5 47. Qc4 Rfd8 48. Bf3 Rd2 49. Qxh4 Rxb2 50. Be4 Rh8 51. Qg4+ Kf8 52. Rd1 f5 53. Bxf5 Rh6 54. Rd8+ Ke7 55. Qg5+ Qf6 56. Rd4 Kf8 57. Qe3 Ra2 58. Qe4 Ra1+ 59. Kh2 1-0

[Event "Bergamo op 11th"]
[Site "Bergamo"]
[Date "2012.07.14"]
[Round "3"]
[White "Kimbin, Richard Conrod"]
[Black "Lezzerini, Marco"]
[Result "0-1"]
[WhiteElo "1951"]
[BlackElo "1948"]
[PlyCount "112"]
[EventDate "2012.07.13"]
[EventType "swiss"]
[EventRounds "6"]
[EventCountry "ITA"]
[SourceTitle "EXT 2014"]
[Source "ChessBase"]
[SourceDate "2013.11.20"]
[SourceVersion "1"]
[SourceVersionDate "2013.11.20"]
[SourceQuality "1"]

1. Nf3 d6 2. g3 Nf6 3. Bg2 g6 4. b3 Bg7 5. Bb2 0-0 6. c4 c5 7. 0-0 Nc6 8. d4 cxd4 9. Nxd4 Bd7 10. Nc3 Qa5 11. a3 Qh5 12. e3 Bg4 13. Qd2 Rac8 14. Nd5 Nxd5 15. Bxd5 Rfd8 16. f4 e6 17. Bf3 Bxd4 18. Bxg4 Bxe3+ 19. Qxe3 Qxg4 20. Bf6 Rd7 21. Rae1 Qh5 22. Kg2 Re8 23. b4 a6 24. h3 Qh6 25. g4 Ne7 26. h4 Kf8 27. h5 Ng8 28. Bb2 f6 29. Rh1 Kf7 30. g5 Qg7 31. Rh3 Kf8 32. Qd3 Qf7 33. hxg6 Qxg6 34. Qxg6 hxg6 35. gxf6 Rf7 36. Rh8 Rc8 37. Rxe6 Rxc4 38. Kf3 Rd7 39. Kg4 Kf7 40. Re3 Nxf6+ 41. Bxf6 Kxf6 42. Rhe8 Rc6 43. R3e6+ Kf7 44. Kg5 d5 45. Re1 d4 46. Rh8 Rd5+ 47. Kg4 d3 48. Ree8 Rc7 49. Rhf8+ Kg7 50. Rg8+ Kf6 51. Rgf8+ Rf7 52. Rxf7+ Kxf7 53. Re1 d2 54. Rd1 Kf6 55. Kf3 Kf5 56. Ke3 Rd6 0-1

[Event "Bergamo op 11th"]
[Site "Bergamo"]
[Date "2012.07.14"]
[Round "4"]
[White "Migliorini, Matteo"]
[Black "Kimbin, Richard Conrod"]
[Result "1-0"]
[WhiteElo "1996"]
[BlackElo "1951"]
[PlyCount "35"]
[EventDate "2012.07.13"]
[EventType "swiss"]
[EventRounds "6"]
[EventCountry "ITA"]
[SourceTitle "EXT 2014"]
[Source "ChessBase"]
[SourceDate "2013.11.20"]
[SourceVersion "1"]
[SourceVersionDate "2013.11.20"]
[SourceQuality "1"]

1. e4 c6 2. d4 d5 3. e5 Bf5 4. Nf3 e6 5. Be2 c5 6. Be3 Nc6 7. 0-0 cxd4 8. Nxd4 Bg6 9. c4 Nge7 10. Nb5 Nf5 11. cxd5 Nxe3 12. fxe3 Bxb1 13. dxc6 Be4 14. Qxd8+ Kxd8 15. Rad1+ Kc8 16. Rd7 Bc5 17. cxb7+ Bxb7 18. Rc7+ 1-0

[Event "Milan Crespi op-B 32nd"]
[Site "Milan"]
[Date "2011.12.11"]
[Round "6"]
[White "Kimbin, Richard Conrod"]
[Black "Bisignano, Giuseppe"]
[Result "1-0"]
[WhiteElo "1937"]
[BlackElo "1908"]
[PlyCount "95"]
[EventDate "2011.12.07"]
[EventType "swiss"]
[EventRounds "7"]
[EventCountry "ITA"]
[SourceTitle "EXT 2022"]
[Source "ChessBase"]
[SourceDate "2021.10.06"]
[SourceVersion "1"]
[SourceVersionDate "2021.10.06"]
[SourceQuality "1"]

1. Nf3 Nc6 2. g3 e5 3. d3 d5 4. Bg2 Nf6 5. Nbd2 Bc5 6. c3 Be6 7. b4 Bd6 8. 0-0 0-0 9. Re1 Qd7 10. e4 dxe4 11. dxe4 Rfd8 12. Ng5 h6 13. Nxe6 Qxe6 14. Qc2 Rd7 15. Nf1 Rad8 16. a3 Ne7 17. f4 exf4 18. gxf4 Ned5 19. e5 Bf8 20. c4 Nb6 21. c5 Nbd5 22. f5 Qe8 23. Bb2 Nh5 24. Rad1 c6 25. Bc1 a6 26. Qb3 Ndf4 27. Rxd7 Qxd7 28. e6 Qe7 29. Be4 Qg5+ 30. Ng3 Ne2+ 31. Rxe2 Qxc1+ 32. Kf2 Nxg3 33. exf7+ Kh8 34. Qxg3 Rd1 35. Bg2 Qc4 36. Be4 Qxf7 37. Qg6 Qc7 38. Qg3 Qxg3+ 39. hxg3 Kg8 40. Bc2 Rd8 41. Bb3+ Kh7 42. Re6 a5 43. Ke3 axb4 44. axb4 Ra8 45. Kf4 Ra3 46. Re3 g5+ 47. fxg6+ Kxg6 48. Bc2+ 1-0

[Event "Milan Crespi op-B 32nd"]
[Site "Milan"]
[Date "2011.12.08"]
[Round "2"]
[White "Arnold, Daniele"]
[Black "Kimbin, Richard Conrod"]
[Result "1-0"]
[WhiteElo "1824"]
[BlackElo "1937"]
[PlyCount "77"]
[EventDate "2011.12.07"]
[EventType "swiss"]
[EventRounds "7"]
[EventCountry "ITA"]
[SourceTitle "EXT 2022"]
[Source "ChessBase"]
[SourceDate "2021.10.06"]
[SourceVersion "1"]
[SourceVersionDate "2021.10.06"]
[SourceQuality "1"]

1. e4 c5 2. Nf3 d6 3. d4 cxd4 4. Nxd4 Nf6 5. Nc3 g6 6. Be3 Bg7 7. Bc4 Nc6 8. f3 Bd7 9. Qd2 Rc8 10. Bb3 0-0 11. h4 Ne5 12. Bh6 Nc4 13. Bxc4 Rxc4 14. Nb3 Be6 15. g4 a6 16. 0-0-0 b5 17. h5 Qc7 18. hxg6 fxg6 19. Bxg7 Kxg7 20. Qh6+ Kg8 21. g5 b4 22. gxf6 exf6 23. Nd5 Bxd5 24. exd5 Rc8 25. Kb1 a5 26. Nd4 a4 27. Ne6 Qb7 28. Rdg1 Qf7 29. Rg2 a3 30. Rhg1 g5 31. Nxg5 fxg5 32. Rxg5+ Kh8 33. Rf5 Qe7 34. Rf6 Rxc2 35. Re6 Rxb2+ 36. Ka1 Qf7 37. Rxd6 Qe7 38. Re6 Rc7 39. Qg7+ 1-0

[Event "Milan Crespi op-B 31th"]
[Site "Milan"]
[Date "2010.12.08"]
[Round "7"]
[White "Illyuviev, Oleg"]
[Black "Kimbin, Richard Conrod"]
[Result "0-1"]
[WhiteElo "1988"]
[BlackElo "1928"]
[PlyCount "94"]
[EventDate "2010.12.04"]
[EventType "swiss"]
[EventRounds "7"]
[EventCountry "ITA"]
[SourceTitle "EXT 2024"]
[Source "ChessBase"]
[SourceDate "2023.10.10"]
[SourceVersion "1"]
[SourceVersionDate "2023.10.10"]
[SourceQuality "1"]

1. c4 Nf6 2. Nc3 g6 3. d4 Bg7 4. e4 d6 5. Bd3 Na6 6. Nge2 c5 7. d5 0-0 8. 0-0 e5 9. dxe6 fxe6 10. a3 Nc7 11. Nf4 Qe7 12. f3 Bd7 13. Re1 e5 14. Nfd5 Nfxd5 15. exd5 Bf5 16. Ne4 Bxe4 17. Rxe4 Qf7 18. Be3 Ne8 19. Qd2 Nf6 20. Rh4 Nh5 21. Rf1 Nf4 22. g3 Bf6 23. Rh6 Bg5 24. Bxf4 exf4 25. Rh3 Qf6 26. Qc3 fxg3 27. hxg3 Be3+ 28. Kg2 Bd4 29. Qb3 b6 30. Be4 Rae8 31. Qc2 Bxb2 32. Rfh1 Re7 33. a4 Bd4 34. Rh6 Rg7 35. g4 Be3 36. R6h3 Qf4 37. Re1 Bd4 38. Bd3 Be5 39. Re4 Qg5 40. Qe2 Rgf7 41. Bc2 Rf4 42. Rxe5 dxe5 43. Be4 h5 44. Rg3 hxg4 45. fxg4 Rf2+ 46. Qxf2 Rxf2+ 47. Kxf2 Qd2+ 0-1

[Event "Milan Crespi op-B 31th"]
[Site "Milan"]
[Date "2010.12.08"]
[Round "6"]
[White "Kimbin, Richard Conrod"]
[Black "Aliberti, Emilio"]
[Result "1-0"]
[WhiteElo "1928"]
[BlackElo "1900"]
[PlyCount "86"]
[EventDate "2010.12.04"]
[EventType "swiss"]
[EventRounds "7"]
[EventCountry "ITA"]
[SourceTitle "EXT 2024"]
[Source "ChessBase"]
[SourceDate "2023.10.10"]
[SourceVersion "1"]
[SourceVersionDate "2023.10.10"]
[SourceQuality "1"]

1. Nf3 d5 2. g3 Nf6 3. Bg2 c6 4. d3 Bf5 5. Nbd2 e6 6. 0-0 h6 7. Re1 Be7 8. c3 0-0 9. Qb3 Qc7 10. e4 Bh7 11. e5 Nfd7 12. d4 c5 13. c4 dxc4 14. Qxc4 Nb6 15. Qe2 c4 16. Ne4 Nc6 17. Bd2 Rfd8 18. Bc3 Rac8 19. Rac1 Nb4 20. Bxb4 Bxb4 21. Red1 Bxe4 22. Qxe4 Nd5 23. a3 Be7 24. h4 b5 25. Bf1 Qb6 26. g4 g6 27. h5 g5 28. Ne1 Rc7 29. Rd2 Rcd7 30. Rcd1 a6 31. Ng2 c3 32. Bd3 f5 33. gxf5 exf5 34. Qxf5 Bf8 35. Re2 Rf7 36. Qe4 Qe6 37. b4 Nf4 38. Nxf4 gxf4 39. f3 Rg7+ 40. Rg2 Rdd7 41. Qh7+ Kf7 42. Rxg7+ Bxg7 43. Bf5 Qe7 1-0

[Event "Milan Crespi op-B 30th"]
[Site "Milan"]
[Date "2009.12.06"]
[Round "4"]
[White "Pescatore, Lorenzo"]
[Black "Kimbin, Richard Conrod"]
[Result "1/2-1/2"]
[WhiteElo "1900"]
[BlackElo "1935"]
[PlyCount "79"]
[EventDate "2009.12.04"]
[EventType "swiss"]
[EventRounds "7"]
[EventCountry "ITA"]
[SourceTitle "EXT 2012"]
[Source "ChessBase"]
[SourceDate "2011.11.24"]
[SourceVersion "1"]
[SourceVersionDate "2011.11.24"]
[SourceQuality "1"]

1. e4 c5 2. Nc3 d6 3. f4 Nf6 4. Nf3 Nc6 5. Bb5 a6 6. Bxc6+ bxc6 7. 0-0 e6 8. d3 Qc7 9. Qe1 Be7 10. h3 0-0 11. g4 Ne8 12. f5 f6 13. Qh4 d5 14. Bd2 Bd6 15. Kg2 exf5 16. exf5 Rb8 17. b3 c4 18. bxc4 dxc4 19. dxc4 Rb4 20. Rfe1 Rxc4 21. Re4 Rc5 22. Rae1 Bd7 23. Qf2 Ra5 24. Na4 c5 25. Bxa5 Qxa5 26. Nb2 Qxa2 27. Nc4 Bc6 28. Nxd6 Nxd6 29. Re6 Qd5 30. Qe2 Nb5 31. Rxc6 Qxc6 32. Qe6+ Qxe6 33. Rxe6 Ra8 34. Rc6 Nd4 35. Rxc5 Nxf3 36. Kxf3 a5 37. Rc3 a4 38. Ra3 Rc8 39. c3 Rc4 40. Ke3 1/2-1/2